000 00636nam a2200205Ia 4500
003 OSt
005 20250829153647.0
008 210210b2001 xxu||||| |||| 00| 0 eng d
040 _cAL
041 _aKannada
082 _a346K GAVN
100 _aGAUTHAM (S R).
_9140402
_dಗೌತಮ್ (ಎಸ್ ಆರ್)
245 _aNitya jivanadalli kanunu. pustaka 2.
_bನಿತ್ಯ ಜೀವನದಲ್ಲಿ ಕಾನುನು : ಪುಸ್ತಕ ೨
260 _aBengaluru.
_bNavakarnataka Prakashana.,
_c2001
300 _a139
650 _aLaw
_9140403
690 _aPrivate Law
_9140404
906 _a057402
942 _2ddc
_cBK
999 _c104713
_d104713